Responses for Show #6223 - Wednesday, October 12, 2011

Joon Pahk game 8.

Contestants

[<< previous game]

Leigh Wishner, an antique textile and costume specialist from the Bronx, New York

Katie Proctor, a stay-at-home mom from Hendersonville, North Carolina

Joon Pahk, a college physics teacher from Somerville, Massachusetts (whose 7-day cash winnings total $199,000)

[next game >>]

Jeopardy! Round responses

BUCHANAN, JAMES BUCHANAN
SHAPES & SIZES
DISNEYLAND SONGS
(Alex: You have to identify the attraction each song is associated with.)
"GOOD" PEOPLE
WORLD OF WORDS
CHILDHOOD HEALTH
(Alex: Dr. Oz will do that.)
    $200 1
Pennsylvania

Leigh
    $200 2
a pyramid

Katie
    $200 13
Pirates of the Caribbean

Katie
    $200 7
Cuba Gooding, Jr.

Joon
    $200 12
karaoke

Katie
    $200 20
(Joon: Who is Oprah?)

Michelle Obama

JoonKatie
    $400 3
(Stephen) Foster

Joon
    $400 23
legal

Joon
    $400 14
It's a Small World

Katie
    $400 8
B.F. Goodrich

Joon
    $400 16
clairvoyance

Katie
    $400 27
sweat glands

Joon
    $600 4
(Joon: What is the Whig?)

the Federalist Party

JoonKatie
    $600 24
teacup

Katie
    $600 15
The Haunted Mansion

Leigh
    $600 9
(Charles) Osgood

Joon
    $600 17
lama

Joon
    $600 28
diabetes

Joon
    $800 5
Pierce

Joon
    $800 25
California

Leigh
    $800 21
Winnie the Pooh

Katie
    $800 10
Benny Goodman

Joon
    $800 18
perestroika

Leigh
    $800 29
asthma

Leigh
    $1000 6
John C. Breckinridge

Triple Stumper
    $1000 26
(Leigh: What is a dish?)

a parabola

Leigh
Triple Stumper
    $1000 22
Peter Pan

Joon
    $1000 11
(Leigh: Who is Doris Goodwin Kearns?)

Doris Kearns Goodwin

JoonLeigh
    $1000 19
a geyser

Leigh
    $1,000 30
(Leigh: What is carbohydrate?)

fiber

Leigh

Scores at the first commercial break (after clue 15):

Joon Katie Leigh
$3,600 $1,600 -$200

Scores at the end of the Jeopardy! Round:

Joon Katie Leigh
$6,400 $3,600 $1,200

Double Jeopardy! Round responses

NATIONAL ANTHEMS
SHOW BIZ ROOMIES
CENTURY OF THE CRIME
WOODS
SAY CHEESE!
GETTING YOUR "DUE"
    $400 6
the Nile

Leigh
    $400 21
Robert Downey Jr.

Katie
    $400 8
(Katie: What is the 20th century?)

the 21st century

JoonKatie
    $400 26
Tolkien

Katie
    $400 1
cottage cheese

Joon
    $400 16
residue

Joon
    $500 7
Peter

Leigh
    $800 22
Gene Hackman

Leigh
    $800 9
the 20th century

Leigh
    $800 27
The Road

Joon
    $800 2
edam

Joon
    $800 17
Purdue

Katie
    $1200 13
India

Katie
    $1200 23
(Leigh: Who is Christopher Reeves?)

Christopher Reeve

KatieLeigh
    $1,500 10
(Alex: You are correct. It occurred in 1793. French Revolution time.)

the 18th century

Leigh
    $1200 28
Mamet

Joon
    $1200 3
Spain

Katie
    $1200 18
duets

Joon
    $1600 14
Scotland

Joon
    $1600 24
(John) Cusack

Katie
    $1600 11
(Joon: What is the 1st century?)

the 1st century B.C.

Joon
Triple Stumper
    $1600 29
The Giving Tree

Joon
    $1600 4
(Leigh: What is Bel?)
(Alex: Be more specific.)

Babybel

Leigh
    $1600 19
subdue

Katie
    $2000 15
Afghanistan

Triple Stumper
    $2000 25
Holly Hunter

Triple Stumper
    $2000 12
(Joon: What is the 11th century?)
...
(Alex: Yes, it occurred in 1170.)

the 12th century

JoonKatie
    $2000 30
Birnam Wood

Joon
    $2000 5
asiago

Katie
    $2000 20
due diligence

Katie

Scores at the end of the Double Jeopardy! Round:

Joon Katie Leigh
$13,200 $17,600 $5,600

[wagering suggestions for these scores]

Final Jeopardy! Round responses

ART & STATE CAPITALS
(Alex: And Joon Pahk will get to come back three weeks from today when we begin our annual Tournament of Champions. We'll see you then, Joon.)
LeighWhat is Santa Fe?
$5,600
JoonWhat is Santa Fe?
$4,400
KatieWhat is Santa Fe?
$8,801
Santa Fe

Final scores:

Joon Katie Leigh
$17,600 $26,401 $11,200
2nd place: $2,000 New champion: $26,401 3rd place: $1,000

Game dynamics:

Coryat scores:

Joon Katie Leigh
$13,200 $17,600 $6,600
22 R,
4 W
20 R,
1 W
12 R
(including 2 DDs),
4 W
(including 1 DD)

Combined Coryat: $37,400

[game clues] [game scores] [suggest correction]

Game tape date: 2011-08-29
The J! Archive is created by fans, for fans. Scraping, republication, monetization, and malicious use prohibited; this site may use cookies and collect identifying information. See terms. The Jeopardy! game show and all elements thereof, including but not limited to copyright and trademark thereto, are the property of Jeopardy Productions, Inc. and are protected under law. This website is not affiliated with, sponsored by, or operated by Jeopardy Productions, Inc. Join the discussion at JBoard.tv.